<?xml version="1.0" encoding="UTF-8"?>
<record
    xmlns:xsi="http://www.w3.org/2001/XMLSchema-instance"
    xsi:schemaLocation="http://www.loc.gov/MARC21/slim http://www.loc.gov/standards/marcxml/schema/MARC21slim.xsd"
    xmlns="http://www.loc.gov/MARC21/slim">

  <leader>01866nam a22002297a 4500</leader>
  <controlfield tag="005">20240725092628.0</controlfield>
  <controlfield tag="008">240724b           ||||| |||| 00| 0 eng d</controlfield>
  <datafield tag="020" ind1=" " ind2=" ">
    <subfield code="a">9788119792832</subfield>
  </datafield>
  <datafield tag="040" ind1=" " ind2=" ">
    <subfield code="c">AL</subfield>
  </datafield>
  <datafield tag="041" ind1=" " ind2=" ">
    <subfield code="a">English</subfield>
  </datafield>
  <datafield tag="082" ind1=" " ind2=" ">
    <subfield code="2">23</subfield>
    <subfield code="a">647.95068</subfield>
    <subfield code="b">WAZB</subfield>
  </datafield>
  <datafield tag="100" ind1=" " ind2=" ">
    <subfield code="a">Ravi Wazir</subfield>
    <subfield code="9">174100</subfield>
  </datafield>
  <datafield tag="245" ind1=" " ind2=" ">
    <subfield code="a">Beyond the Menu : A restaurant start up guide</subfield>
  </datafield>
  <datafield tag="260" ind1=" " ind2=" ">
    <subfield code="a">Ahmedabad</subfield>
    <subfield code="b">Jaico Publishing House</subfield>
    <subfield code="c">2024</subfield>
  </datafield>
  <datafield tag="300" ind1=" " ind2=" ">
    <subfield code="a">277 p.</subfield>
    <subfield code="b">PB</subfield>
    <subfield code="c">21x14 cm.</subfield>
  </datafield>
  <datafield tag="365" ind1=" " ind2=" ">
    <subfield code="a">2473</subfield>
    <subfield code="b">&#x20B9;399.00</subfield>
    <subfield code="c">&#x20B9;</subfield>
    <subfield code="d">&#x20B9;499.00</subfield>
    <subfield code="e">20%</subfield>
    <subfield code="f">16-07-2024</subfield>
  </datafield>
  <datafield tag="520" ind1=" " ind2=" ">
    <subfield code="a">Do you dream of starting your own restaurant or caf&#xE9; some day? Here&#x2019;s your no-nonsense roadmap to becoming a restaurateur. Venturing into the restaurant business is a popular choice today, yet few new eateries survive. It&#x2019;s important to discover how to manage business risks and make well-informed choices for your restaurant start-up before you go live. Beyond the Menu: A Restaurant Start-Up Guide is packed with information on the nuts and bolts of the restaurant industry as well as techniques to handle money, marketing, manpower, and operational issues. Top business consultant Ravi Wazir shares proven techniques and strategies honed by hospitality professionals over decades. USE THIS BOOK AS A REFERENCE TO: &#x2022; Design your restaurant &#x2022; Plan your menu &#x2022; Organize your team &#x2022; Manage your budget &#x2022; Get your certificates and approvals &#x2022; And a whole lot more&#x2026; Whether you are a businessman with no knowledge of restaurants, a practising professional, or an industry student, if you plan to embark on a journey of realising your restaurant dream, and are not sure how, this book will help you avoid painful mistakes and do it right the first time.
</subfield>
  </datafield>
  <datafield tag="650" ind1=" " ind2=" ">
    <subfield code="a">Launching and managing a profitable restaurant</subfield>
    <subfield code="9">174028</subfield>
  </datafield>
  <datafield tag="650" ind1=" " ind2=" ">
    <subfield code="a">Business &amp; Finance</subfield>
    <subfield code="9">174097</subfield>
  </datafield>
  <datafield tag="700" ind1=" " ind2=" ">
    <subfield code="a">WAZIR (Ravi)</subfield>
    <subfield code="9">174029</subfield>
  </datafield>
  <datafield tag="942" ind1=" " ind2=" ">
    <subfield code="2">ddc</subfield>
    <subfield code="c">BK</subfield>
  </datafield>
  <datafield tag="999" ind1=" " ind2=" ">
    <subfield code="c">231510</subfield>
    <subfield code="d">231510</subfield>
  </datafield>
  <datafield tag="952" ind1=" " ind2=" ">
    <subfield code="0">0</subfield>
    <subfield code="1">0</subfield>
    <subfield code="2">ddc</subfield>
    <subfield code="4">0</subfield>
    <subfield code="7">0</subfield>
    <subfield code="8">MAN</subfield>
    <subfield code="a">AL</subfield>
    <subfield code="b">AL</subfield>
    <subfield code="d">2024-07-22</subfield>
    <subfield code="e">Biblios Book Point Surathkal Mangalore 575014</subfield>
    <subfield code="g">399.00</subfield>
    <subfield code="l">1</subfield>
    <subfield code="o">647.95068 WAZB</subfield>
    <subfield code="p">077259</subfield>
    <subfield code="r">2025-01-16 00:00:00</subfield>
    <subfield code="s">2024-12-14</subfield>
    <subfield code="v">499.00</subfield>
    <subfield code="w">2024-07-24</subfield>
    <subfield code="y">BK</subfield>
  </datafield>
</record>
